White Holes Inside The Horizon (Record no. 3548)

MARC details
000 -LEADER
fixed length control field 00433nam a22001457a 4500
008 - FIXED-LENGTH DATA ELEMENTS--GENERAL INFORMATION
fixed length control field 250519b |||||||| |||| 00| 0 eng d
020 ## - INTERNATIONAL STANDARD BOOK NUMBER
ISBN 9780241628973
100 ## - MAIN ENTRY--AUTHOR
Author Rovell Carlo
245 ## - TITLE STATEMENT
Title White Holes Inside The Horizon
260 ## - PUBLICATION, DISTRIBUTION, ETC. (IMPRINT)
Place of publication Milano
Name of publisher Allen Lane
Date of publication 2023
300 ## - COLLATION
Pagination 146p.
Other physical details illustration
650 ## - TRACINGS
Main Subject White Holes (Astronomy) - Popular.
Subdivision (1st) Black Holes (Astronomy) - Popular Works.
942 ## - ADDED ENTRY ELEMENTS (KOHA)
Item type Books
050 ## - LIBRARY OF CONGRESS CALL NUMBER
Classification number QB991.Q36
Item number .R68
Holdings
Source of classification or shelving scheme Not for loan Permanent location Current location Date acquired Accession No. Full call number Barcode. Koha item type
Library of Congress Classification   Samuel Ogbemudia Main Library, University of Abuja Samuel Ogbemudia Main Library, University of Abuja 05/19/2025 2024/63708 QB991.Q36.R68 2025-2019 Books